| 000 | 00401nam a2200109Ia 4500 | ||
|---|---|---|---|
| 008 | 160909s9999 xx 000 0 und d | ||
| 100 | _aPanek-Shirley, Leah, | ||
| 245 | 4 | _aThe independent and combined effects of caffeine and exercise on eating behavior | |
| 260 |
_bState University of New York at Buffalo. _c2016 |
||
| 650 | _aFOOD | ||
| 856 | _uhttp://pqdtopen.proquest.com/doc/1798840459.html?FMT=ABS | ||
| 999 |
_c303986 _d303986 |
||